Vplyv koronakrízy na finančné zdravie odvetví v ekonomike diplomová práca

Gespeichert in:
Bibliographische Detailangaben
1. Verfasser: Kevická, Michaela
Körperschaft: Fakulta podnikového manažmentu EU. Katedra podnikových financií
Weitere Verfasser: Smorada, Marián, 1984-
Format: Buch
Sprache:Slowakisch
Veröffentlicht: Bratislava 2023
Tags: Tag hinzufügen
Keine Tags, Fügen Sie das erste Tag hinzu!

MARC

LEADER 00000nbm a2200000 4500
001 0293572
005 20240307113228.7
041 0 |a slo 
044 |a SK 
245 1 0 |a Vplyv koronakrízy na finančné zdravie odvetví v ekonomike  |b diplomová práca  |c Michaela Kevická ; školiteľ: Marián Smorada 
264 1 |a Bratislava  |c 2023 
300 |a 81 s. 
100 1 |a Kevická, Michaela 
700 1 |a Smorada, Marián, 1984- 
710 2 |a Fakulta podnikového manažmentu EU. Katedra podnikových financií